00362 a2200121 450000100060000008200110000610000510001724500610006826000250012930000140015450000260016861000460019487922 aPR 251 aMubashar Ahmad; Messam Abbas Naqvi, Supervisor aDevelopment of stability module for ACDS softwarenG-66 aRisalpurbNUSTc2009 aiv, 69 p. aBE project reports AE aAACDS=aircraft conceptual design software